000 00582cam a2200193 4500
001 D5925
008 090401t1979 xxu||||| |||| 00| 0 eng d
035 _a(Sirsi) u76131
041 _aeng
050 _a620
110 _aInstitute of Quantity Surveyors
_92491
245 2 _aA report by the joint working party appointed to examine the need for standard documentation for industrial engineering projects
260 _aLondon
_bIQS
_c1979
300 _a24p. 30cm
350 _a0
520 _aNote: this is a proof copy with ms corrections
942 _n0
948 _c04/03/1997
999 _c96121
_d96121